[Event "Glorney Gilbert International 2017 - Glorney"]
[Site "Daventry, England"]
[Date "2017.07.25"]
[Round "4.1"]
[White "Thomas, Ben"]
[Black "Gallagher, Daniel Gh"]
[Result "0-1"]
[BlackElo "2147"]
[WhiteElo "1963"]
[LiveChessVersion "1.4.6"]

1. e4 {[%clk 1:30:54]} Nc6 {[%clk 1:30:34]} 2. b3 {[%clk 1:27:21]} e5
{[%clk 1:29:21]} 3. Bb2 {[%clk 1:27:11]} Nf6 {[%clk 1:26:33]} 4. Bb5
{[%clk 1:18:01]} Nxe4 {[%clk 1:11:36]} 5. Qe2 {[%clk 1:13:42]} Nf6
{[%clk 1:09:32]} 6. Bxc6 {[%clk 1:13:04]} dxc6 {[%clk 1:09:49]} 7. Bxe5
{[%clk 1:09:33]} Be6 {[%clk 1:06:43]} 8. Nf3 {[%clk 1:07:40]} Qd7
{[%clk 0:58:23]} 9. O-O {[%clk 1:00:41]} O-O-O {[%clk 0:58:26]} 10. Bb2
{[%clk 0:56:12]} Bd6 {[%clk 0:55:24]} 11. d3 {[%clk 0:42:39]} Nd5
{[%clk 0:53:19]} 12. Nbd2 {[%clk 0:38:34]} Kb8 {[%clk 0:41:05]} 13. Ne4
{[%clk 0:32:36]} Nf4 {[%clk 0:37:10]} 14. Qd2 {[%clk 0:31:54]} Bh3
{[%clk 0:34:46]} 15. Ne1 {[%clk 0:12:28]} Rhe8 {[%clk 0:27:12]} 16. f3
{[%clk 0:10:57]} Bf5 {[%clk 0:25:34]} 17. Bxg7 {[%clk 0:10:26]} Bxe4
{[%clk 0:18:31]} 18. fxe4 {[%clk 0:09:39]} Qg4 {[%clk 0:16:47]} 19. Bh6
{[%clk 0:09:00]} Ne2+ {[%clk 0:14:59]} 20. Kf2 {[%clk 0:07:37]} Rxe4
{[%clk 0:09:14]} 21. dxe4 {[%clk 0:06:00]} Bc5+ {[%clk 0:09:29]} 22. Qe3
{[%clk 0:06:09]} Bxe3+ {[%clk 0:09:34]} 23. Bxe3 {[%clk 0:06:08]} Nc3
{[%clk 0:09:32]} 24. Kg1 {[%clk 0:05:30]} Qxe4 {[%clk 0:09:10]} 25. Bg5
{[%clk 0:05:36]} Rg8 {[%clk 0:07:42]} 26. Rxf7 {[%clk 0:04:48]} Qg6
{[%clk 0:07:23]} 0-1

[Event "Glorney Gilbert International 2017 - Glorney"]
[Site "Daventry, England"]
[Date "2017.07.25"]
[Round "4.2"]
[White "Brewer, Callum D"]
[Black "Fowler, Hugo"]
[Result "1-0"]
[BlackElo "1739"]
[WhiteElo "2015"]
[LiveChessVersion "1.4.6"]

1. e4 {[%clk 1:30:58]} e5 {[%clk 1:30:41]} 2. Nf3 {[%clk 1:31:26]} Nc6
{[%clk 1:30:39]} 3. d4 {[%clk 1:31:55]} exd4 {[%clk 1:30:43]} 4. Nxd4
{[%clk 1:32:23]} Bc5 {[%clk 1:30:54]} 5. Be3 {[%clk 1:32:52]} Qf6
{[%clk 1:30:57]} 6. c3 {[%clk 1:33:20]} Nge7 {[%clk 1:30:45]} 7. Bc4
{[%clk 1:33:49]} Ne5 {[%clk 1:30:29]} 8. Be2 {[%clk 1:34:17]} d6 {[%clk 1:29:09]}
9. O-O {[%clk 1:34:45]} O-O {[%clk 1:28:45]} 10. Nd2 {[%clk 1:34:19]} Re8
{[%clk 1:27:11]} 11. Nb5 {[%clk 1:31:02]} Bxe3 {[%clk 1:25:34]} 12. fxe3
{[%clk 1:31:23]} Qg5 {[%clk 1:24:52]} 13. Nxc7 {[%clk 1:31:33]} Qxe3+
{[%clk 1:23:59]} 14. Kh1 {[%clk 1:32:01]} Ng4 {[%clk 1:20:06]} 15. Bxg4
{[%clk 1:30:55]} Bxg4 {[%clk 1:20:20]} 16. Qxg4 {[%clk 1:30:53]} Qxd2
{[%clk 1:20:32]} 17. Nxa8 {[%clk 1:30:48]} Rxa8 {[%clk 1:20:45]} 18. Qf4
{[%clk 1:31:10]} Qxf4 {[%clk 1:20:33]} 19. Rxf4 {[%clk 1:31:26]} Ng6
{[%clk 1:20:40]} 20. Rf2 {[%clk 1:31:18]} Re8 {[%clk 1:20:53]} 21. Rd2
{[%clk 1:30:52]} Rxe4 {[%clk 1:19:55]} 22. Rxd6 {[%clk 1:31:20]} Re2
{[%clk 1:19:45]} 23. b3 {[%clk 1:31:35]} Kf8 {[%clk 1:19:05]} 24. Rd7
{[%clk 1:31:52]} Nf4 {[%clk 1:19:10]} 25. Rf1 {[%clk 1:27:36]} Rxa2
{[%clk 1:18:19]} 26. g3 {[%clk 1:27:39]} Ke8 {[%clk 1:14:54]} 27. Rxb7
{[%clk 1:28:07]} Nd3 {[%clk 1:15:03]} 28. Rbxf7 {[%clk 1:28:13]} Rb2
{[%clk 1:15:11]} 29. R7f3 {[%clk 1:27:43]} Nc5 {[%clk 1:14:49]} 30. b4
{[%clk 1:28:07]} Nd7 {[%clk 1:15:00]} 31. Re3+ {[%clk 1:27:27]} Kd8
{[%clk 1:15:21]} 32. Rd3 {[%clk 1:27:55]} Kc8 {[%clk 1:15:00]} 33. Rfd1
{[%clk 1:27:51]} Nf6 {[%clk 1:15:02]} 34. R1d2 {[%clk 1:27:52]} Rb3
{[%clk 1:14:23]} 35. Re2 {[%clk 1:27:59]} Kc7 {[%clk 1:12:28]} 36. Kg2
{[%clk 1:27:10]} Kc6 {[%clk 1:12:44]} 37. Re6+ {[%clk 1:26:29]} Kb5
{[%clk 1:13:04]} 38. Rde3 {[%clk 1:26:57]} Kc4 {[%clk 1:11:52]} 39. Rc6+
{[%clk 1:27:07]} Kb5 {[%clk 1:11:31]} 40. Rc5+ {[%clk 1:27:11]} Kb6
{[%clk 1:11:33]} 41. Re6+ {[%clk 1:27:23]} Kb7 {[%clk 1:11:55]} 42. Re7+
{[%clk 1:26:58]} Kb6 {[%clk 1:11:57]} 43. Rxg7 {[%clk 1:26:39]} Ne4
{[%clk 1:12:11]} 44. Re5 {[%clk 1:26:41]} Nxc3 {[%clk 1:11:58]} 45. Rxh7
{[%clk 1:27:08]} Rxb4 {[%clk 1:12:07]} 46. Rh6+ {[%clk 1:27:28]} Kb7
{[%clk 1:11:38]} 47. Re7+ {[%clk 1:27:57]} Ka8 {[%clk 1:12:00]} 48. Rh8+
{[%clk 1:27:15]} Rb8 {[%clk 1:12:26]} 49. Rxb8+ {[%clk 1:27:41]} Kxb8
{[%clk 1:12:45]} 50. h4 {[%clk 1:28:09]} Nd5 {[%clk 1:12:30]} 51. Rf7
{[%clk 1:27:55]} Nc7 {[%clk 1:12:24]} 52. h5 {[%clk 1:28:24]} Ne6
{[%clk 1:12:33]} 53. h6 {[%clk 1:28:48]} Ng5 {[%clk 1:12:49]} 54. Rg7
{[%clk 1:29:16]} Ne6 {[%clk 1:13:05]} 55. h7 {[%clk 1:29:39]} 1-0

[Event "Glorney Gilbert International 2017 - Glorney"]
[Site "Daventry, England"]
[Date "2017.07.25"]
[Round "4.3"]
[White "Camp, Imogen A L"]
[Black "Miller, Dominic"]
[Result "1/2-1/2"]
[BlackElo "2103"]
[WhiteElo "1802"]
[LiveChessVersion "1.4.6"]

1. d4 {[%clk 1:30:58]} Nf6 {[%clk 1:30:55]} 2. Nf3 {[%clk 1:30:58]} g6
{[%clk 1:31:18]} 3. Bf4 {[%clk 1:31:22]} Bg7 {[%clk 1:31:44]} 4. e3
{[%clk 1:31:48]} O-O {[%clk 1:32:02]} 5. Bd3 {[%clk 1:32:05]} d6 {[%clk 1:32:19]}
6. c3 {[%clk 1:32:19]} Nc6 {[%clk 1:31:40]} 7. Qc2 {[%clk 1:28:51]} Re8
{[%clk 1:29:03]} 8. O-O {[%clk 1:27:15]} e5 {[%clk 1:28:55]} 9. Bg5
{[%clk 1:23:15]} h6 {[%clk 1:29:17]} 10. Bxf6 Qxf6 11. Nbd2 {[%clk 1:19:20]} Qe7
{[%clk 1:23:29]} 12. dxe5 {[%clk 1:08:42]} dxe5 {[%clk 1:23:41]} 13. e4
{[%clk 1:03:03]} Nd8 {[%clk 1:21:48]} 14. Nc4 {[%clk 0:56:36]} Bg4
{[%clk 1:20:26]} 15. Be2 {[%clk 0:53:33]} Ne6 {[%clk 1:10:24]} 16. Ne3
{[%clk 0:43:21]} Bxf3 {[%clk 1:10:31]} 17. Bxf3 {[%clk 0:43:41]} h5
{[%clk 1:09:51]} 18. g3 {[%clk 0:37:19]} c6 {[%clk 1:09:14]} 19. Rad1
{[%clk 0:34:53]} Rad8 {[%clk 1:05:07]} 20. Rxd8 {[%clk 0:33:09]} Rxd8
{[%clk 1:03:37]} 21. Rd1 {[%clk 0:32:10]} Nc5 1/2-1/2

[Event "Glorney Gilbert International 2017 - Glorney"]
[Site "Daventry, England"]
[Date "2017.07.25"]
[Round "4.4"]
[White "Cocks, Elliot"]
[Black "Lutchman-Singh, Karanvir"]
[Result "1-0"]
[BlackElo "1603"]
[WhiteElo "2036"]
[LiveChessVersion "1.4.6"]

1. d4 {[%clk 1:30:58]} Nf6 {[%clk 1:30:55]} 2. Nf3 {[%clk 1:29:51]} g6
{[%clk 1:31:11]} 3. Nbd2 {[%clk 1:29:17]} Bg7 {[%clk 1:31:31]} 4. e4
{[%clk 1:29:31]} d6 {[%clk 1:31:13]} 5. Bd3 {[%clk 1:29:49]} O-O {[%clk 1:30:54]}
6. O-O {[%clk 1:29:58]} e5 {[%clk 1:28:39]} 7. dxe5 {[%clk 1:28:33]} dxe5
{[%clk 1:28:54]} 8. Nxe5 {[%clk 1:28:44]} Nxe4 {[%clk 1:28:41]} 9. Nxf7
{[%clk 1:28:54]} Rxf7 {[%clk 1:24:42]} 10. Nxe4 {[%clk 1:29:12]} Bf5
{[%clk 1:23:06]} 11. Ng5 {[%clk 1:28:41]} Rd7 {[%clk 1:20:50]} 12. Bc4+
{[%clk 1:28:50]} Kf8 {[%clk 1:21:10]} 13. Nxh7+ {[%clk 1:29:11]} Ke8
{[%clk 1:21:32]} 14. Re1+ {[%clk 1:29:28]} Re7 {[%clk 1:21:44]} 15. Qxd8+
{[%clk 1:29:53]} Kxd8 {[%clk 1:22:07]} 16. Bg5 {[%clk 1:30:19]} Nc6
{[%clk 1:22:15]} 17. Rad1+ {[%clk 1:30:32]} Bd7 {[%clk 1:22:27]} 18. Bxe7+
{[%clk 1:30:58]} Nxe7 {[%clk 1:22:48]} 19. Be6 {[%clk 1:31:25]} Bxb2
{[%clk 1:22:54]} 20. Bxd7 {[%clk 1:28:58]} a5 {[%clk 1:22:36]} 21. Nf8
{[%clk 1:29:20]} Ra6 {[%clk 1:22:56]} 22. Ne6+ {[%clk 1:29:34]} Rxe6
{[%clk 1:23:19]} 23. Bxe6+ {[%clk 1:27:51]} Ke8 {[%clk 1:23:41]} 24. Bb3
{[%clk 1:26:50]} b5 {[%clk 1:23:45]} 25. a4 {[%clk 1:26:39]} bxa4
{[%clk 1:23:58]} 26. Bxa4+ {[%clk 1:27:03]} Kf7 {[%clk 1:24:13]} 27. Rd7
{[%clk 1:27:23]} Bf6 {[%clk 1:24:29]} 28. Rxc7 {[%clk 1:27:24]} g5
{[%clk 1:24:52]} 29. Bb3+ {[%clk 1:27:41]} Kf8 {[%clk 1:25:17]} 30. Re6
{[%clk 1:28:04]} Kg7 {[%clk 1:25:34]} 31. Rcxe7+ {[%clk 1:28:16]} Bxe7
{[%clk 1:26:00]} 32. Rxe7+ {[%clk 1:28:40]} Kf6 {[%clk 1:26:22]} 33. Ra7
{[%clk 1:28:56]} a4 {[%clk 1:26:42]} 34. Rxa4 {[%clk 1:29:19]} g4
{[%clk 1:27:07]} 35. Rxg4 {[%clk 1:29:41]} Kf5 {[%clk 1:27:30]} 36. Rg3
{[%clk 1:30:01]} Kf4 {[%clk 1:27:55]} 37. h4 {[%clk 1:30:27]} Kf5
{[%clk 1:28:19]} 38. h5 {[%clk 1:30:52]} Kf6 {[%clk 1:28:42]} 39. h6
{[%clk 1:31:16]} Kf5 {[%clk 1:29:08]} 40. h7 {[%clk 1:31:41]} Kf6
{[%clk 1:29:33]} 41. h8=Q+ {[%clk 1:32:05]} Ke7 {[%clk 1:29:52]} 42. Qe5+
{[%clk 1:32:18]} Kd7 {[%clk 1:30:16]} 43. Ba4+ {[%clk 1:32:44]} Kc8
{[%clk 1:30:38]} 44. Bc6 {[%clk 1:33:03]} Kd8 {[%clk 1:31:00]} 45. Rg8# 1-0

[Event "Glorney Gilbert International 2017 - Glorney"]
[Site "Daventry, England"]
[Date "2017.07.25"]
[Round "4.5"]
[White "Petkov, Petko (wls)"]
[Black "Forster, Matthew"]
[Result "0-1"]
[BlackElo "1982"]
[WhiteElo "1569"]
[LiveChessVersion "1.4.6"]

1. c4 {[%clk 1:30:58]} c5 {[%clk 1:30:59]} 2. Nf3 {[%clk 1:31:17]} Nc6
{[%clk 1:31:22]} 3. g3 {[%clk 1:31:04]} g6 {[%clk 1:31:26]} 4. Bg2
{[%clk 1:30:31]} Bg7 {[%clk 1:31:39]} 5. O-O {[%clk 1:30:51]} e6 {[%clk 1:31:50]}
6. e3 {[%clk 1:29:23]} Nge7 {[%clk 1:31:45]} 7. Nc3 {[%clk 1:29:18]} O-O
{[%clk 1:30:59]} 8. b3 {[%clk 1:26:50]} a6 {[%clk 1:31:04]} 9. Bb2
{[%clk 1:26:41]} d6 {[%clk 1:29:15]} 10. d4 {[%clk 1:23:34]} cxd4
{[%clk 1:25:48]} 11. Nxd4 {[%clk 1:23:19]} Rb8 {[%clk 1:25:07]} 12. Ne4
{[%clk 1:18:34]} d5 {[%clk 1:21:42]} 13. cxd5 {[%clk 1:15:48]} Nxd4
{[%clk 1:18:17]} 14. Bxd4 {[%clk 1:15:23]} Nxd5 {[%clk 1:15:44]} 15. Bxg7
{[%clk 1:14:10]} Kxg7 {[%clk 1:16:07]} 16. Qd4+ {[%clk 1:14:25]} f6
{[%clk 1:14:22]} 17. Rfd1 {[%clk 1:14:14]} Qe7 {[%clk 1:11:47]} 18. Nc5
{[%clk 1:08:28]} Rd8 {[%clk 1:06:36]} 19. e4 {[%clk 1:06:38]} e5 {[%clk 1:06:44]}
20. Qd2 {[%clk 1:01:40]} Bg4 {[%clk 0:55:52]} 21. Rdc1 {[%clk 0:53:44]} Nf4
{[%clk 0:53:21]} 22. Qc2 {[%clk 0:51:43]} Ne2+ {[%clk 0:52:57]} 23. Kh1
{[%clk 0:51:39]} Nxc1 {[%clk 0:53:05]} 24. Rxc1 {[%clk 0:52:03]} Rbc8
{[%clk 0:52:42]} 25. h3 {[%clk 0:52:00]} Bd7 {[%clk 0:51:09]} 0-1

[Event "Glorney Gilbert International 2017 - Glorney"]
[Site "Daventry, England"]
[Date "2017.07.25"]
[Round "4.6"]
[White "O'gorman, Alice"]
[Black "Kieffer, Anatole"]
[Result "0-1"]
[BlackElo "2199"]
[WhiteElo "1950"]
[LiveChessVersion "1.4.6"]

1. e4 {[%clk 1:30:30]} d5 {[%clk 1:30:51]} 2. exd5 {[%clk 1:31:24]} Qxd5
{[%clk 1:31:15]} 3. Nc3 {[%clk 1:31:50]} Qd6 {[%clk 1:31:36]} 4. d4
{[%clk 1:32:15]} Nf6 {[%clk 1:32:02]} 5. Nf3 {[%clk 1:32:40]} a6 {[%clk 1:31:29]}
6. h3 {[%clk 1:31:03]} b5 {[%clk 1:30:29]} 7. Be2 {[%clk 1:27:56]} Bb7
{[%clk 1:29:46]} 8. O-O {[%clk 1:27:24]} e6 {[%clk 1:29:59]} 9. Re1
{[%clk 1:26:00]} Be7 {[%clk 1:30:07]} 10. Bg5 {[%clk 1:23:33]} Nbd7
{[%clk 1:29:21]} 11. Qd2 {[%clk 1:21:40]} O-O {[%clk 1:29:13]} 12. Rad1
{[%clk 1:15:46]} Rfd8 {[%clk 1:27:04]} 13. a3 {[%clk 1:09:33]} c5
{[%clk 1:23:58]} 14. dxc5 {[%clk 1:01:00]} Qxc5 {[%clk 1:23:56]} 15. Qe3
{[%clk 0:58:36]} Qc7 {[%clk 1:22:04]} 16. Bf1 {[%clk 0:53:02]} Rac8
{[%clk 1:21:01]} 17. Bf4 {[%clk 0:49:10]} Qa5 {[%clk 1:20:27]} 18. Ra1
{[%clk 0:47:55]} b4 {[%clk 1:19:28]} 19. axb4 {[%clk 0:41:00]} Qxb4
{[%clk 1:19:53]} 20. Na2 {[%clk 0:40:30]} Qa4 {[%clk 1:17:01]} 21. b3
{[%clk 0:36:37]} Qa5 {[%clk 1:16:44]} 22. Bc4 {[%clk 0:35:25]} Bc5
{[%clk 1:15:29]} 23. Qe2 {[%clk 0:34:08]} Qb6 {[%clk 1:10:40]} 24. Nc3
{[%clk 0:31:35]} Nd5 {[%clk 1:07:22]} 25. Bd2 {[%clk 0:28:34]} Qc7
{[%clk 1:01:13]} 26. Ng5 {[%clk 0:24:16]} N7f6 {[%clk 0:59:39]} 27. Nxd5
{[%clk 0:23:12]} Nxd5 {[%clk 0:57:09]} 28. Ba5 {[%clk 0:20:57]} Qe7
{[%clk 0:49:30]} 29. Bxd8 {[%clk 0:20:21]} Rxd8 {[%clk 0:49:31]} 30. Nf3
{[%clk 0:19:20]} Nf4 {[%clk 0:48:17]} 31. Qe5 {[%clk 0:17:59]} Bd6
{[%clk 0:48:29]} 32. Qe3 {[%clk 0:17:25]} Qf6 {[%clk 0:47:49]} 33. Be2
{[%clk 0:15:20]} Qg6 {[%clk 0:47:22]} 34. g3 {[%clk 0:11:06]} Nxe2+
{[%clk 0:39:49]} 35. Qxe2 {[%clk 0:10:32]} Qf5 {[%clk 0:39:23]} 36. Kg2
{[%clk 0:09:59]} Rc8 {[%clk 0:38:36]} 37. c4 {[%clk 0:09:18]} g5 {[%clk 0:36:50]}
38. g4 {[%clk 0:07:10]} Qf4 {[%clk 0:37:09]} 39. Rh1 {[%clk 0:07:22]} Bc5
{[%clk 0:35:57]} 40. Rab1 {[%clk 0:05:59]} h5 {[%clk 0:35:31]} 41. b4
{[%clk 0:04:57]} hxg4 {[%clk 0:35:36]} 42. hxg4 {[%clk 0:04:08]} Qxg4+
{[%clk 0:35:58]} 43. Kf1 {[%clk 0:03:25]} Bxf3 {[%clk 0:36:24]} 44. Qd2
{[%clk 0:02:46]} Qg2+ {[%clk 0:36:42]} 0-1

[Event "Glorney Gilbert International 2017 - Glorney"]
[Site "Daventry, England"]
[Date "2017.07.25"]
[Round "4.7"]
[White "Albaric, Etienne"]
[Black "Scallan, Fiachra"]
[Result "1-0"]
[BlackElo "1888"]
[WhiteElo "2089"]
[LiveChessVersion "1.4.6"]

1. e4 {[%clk 1:29:38]} e6 {[%clk 1:30:56]} 2. d4 {[%clk 1:30:05]} d5
{[%clk 1:31:18]} 3. Nd2 {[%clk 1:30:30]} Nf6 {[%clk 1:31:42]} 4. e5
{[%clk 1:30:55]} Nfd7 {[%clk 1:32:10]} 5. Bd3 {[%clk 1:31:19]} c5
{[%clk 1:32:32]} 6. c3 {[%clk 1:31:42]} Nc6 {[%clk 1:32:50]} 7. Ne2
{[%clk 1:32:06]} cxd4 {[%clk 1:33:14]} 8. cxd4 {[%clk 1:32:32]} f6
{[%clk 1:33:36]} 9. Nf4 {[%clk 1:31:07]} Nxd4 {[%clk 1:33:27]} 10. Qh5+
{[%clk 1:29:35]} Ke7 {[%clk 1:33:51]} 11. exf6+ {[%clk 1:29:49]} Nxf6
{[%clk 1:34:15]} 12. Ng6+ {[%clk 1:30:10]} hxg6 {[%clk 1:34:38]} 13. Qxh8
{[%clk 1:30:35]} Kf7 {[%clk 1:35:01]} 14. O-O {[%clk 1:30:13]} e5
{[%clk 1:33:31]} 15. Nb3 {[%clk 1:29:34]} Nxb3 {[%clk 1:32:25]} 16. axb3
{[%clk 1:29:51]} Bf5 {[%clk 1:31:57]} 17. Bxf5 {[%clk 1:29:39]} gxf5
{[%clk 1:32:24]} 18. Bg5 {[%clk 1:29:55]} Qb6 {[%clk 1:30:53]} 19. Bxf6
{[%clk 1:15:40]} gxf6 {[%clk 1:26:11]} 20. Qh7+ {[%clk 1:07:01]} Ke6
{[%clk 1:25:38]} 21. Qg8+ {[%clk 1:07:20]} Kd6 {[%clk 1:25:33]} 22. h4
{[%clk 0:51:30]} Rd8 {[%clk 1:19:44]} 23. Qg6 {[%clk 0:41:37]} Ke6
{[%clk 1:18:27]} 24. h5 {[%clk 0:40:12]} Qc7 {[%clk 1:13:54]} 25. Rfc1
{[%clk 0:32:22]} Qg7 {[%clk 1:11:04]} 26. Rxa7 {[%clk 0:30:38]} Qxg6
{[%clk 1:08:08]} 27. hxg6 {[%clk 0:31:06]} Rd7 {[%clk 1:08:19]} 28. Rc8
{[%clk 0:30:40]} Bh6 {[%clk 1:07:25]} 29. Rb8 {[%clk 0:28:23]} d4
{[%clk 1:05:37]} 30. Raxb7 {[%clk 0:24:00]} Rd6 {[%clk 1:05:38]} 31. Rb6
{[%clk 0:24:03]} Rxb6 {[%clk 1:05:55]} 32. Rxb6+ {[%clk 0:24:30]} Kd5
{[%clk 1:06:11]} 33. Kf1 {[%clk 0:23:59]} e4 {[%clk 1:04:42]} 34. Rb7
{[%clk 0:23:43]} d3 {[%clk 1:03:53]} 35. g7 {[%clk 0:22:52]} Bxg7
{[%clk 1:04:21]} 36. Rxg7 {[%clk 0:23:12]} f4 {[%clk 1:04:40]} 37. Ke1
{[%clk 0:21:35]} e3 {[%clk 1:04:56]} 38. Rd7+ {[%clk 0:20:58]} Ke4
{[%clk 1:05:21]} 39. f3+ {[%clk 0:21:26]} 1-0

[Event "Glorney Gilbert International 2017 - Glorney"]
[Site "Daventry, England"]
[Date "2017.07.25"]
[Round "4.8"]
[White "Nolan, Conor"]
[Black "Guerlach, Keigo"]
[Result "0-1"]
[BlackElo "2032"]
[WhiteElo "1849"]
[LiveChessVersion "1.4.6"]

1. d4 {[%clk 1:30:56]} d5 {[%clk 1:29:01]} 2. Nf3 {[%clk 1:31:19]} c6
{[%clk 1:29:27]} 3. c4 {[%clk 1:31:44]} e6 {[%clk 1:29:53]} 4. g3
{[%clk 1:31:12]} dxc4 {[%clk 1:27:48]} 5. Bg2 {[%clk 1:30:50]} b5
{[%clk 1:25:57]} 6. Ne5 {[%clk 1:30:56]} Bb7 {[%clk 1:26:13]} 7. O-O
{[%clk 1:29:55]} Nf6 {[%clk 1:25:25]} 8. Nc3 {[%clk 1:28:39]} a6 {[%clk 1:21:19]}
9. e4 {[%clk 1:26:29]} Nbd7 {[%clk 1:12:20]} 10. Nxd7 {[%clk 1:20:05]} Qxd7
{[%clk 1:09:12]} 11. e5 {[%clk 1:18:45]} Nd5 {[%clk 1:08:42]} 12. Ne4
{[%clk 1:19:08]} Qc7 {[%clk 0:50:53]} 13. b3 {[%clk 1:11:07]} c3 {[%clk 0:41:39]}
14. Qd3 {[%clk 1:11:20]} b4 {[%clk 0:40:44]} 15. Re1 {[%clk 0:49:11]} a5
{[%clk 0:37:40]} 16. Be3 {[%clk 0:40:31]} h6 {[%clk 0:29:08]} 17. f4
{[%clk 0:34:00]} Be7 {[%clk 0:08:21]} 18. Bf2 {[%clk 0:29:05]} O-O
{[%clk 0:07:51]} 19. Qf3 {[%clk 0:25:39]} a4 {[%clk 0:07:15]} 20. Bf1
{[%clk 0:18:31]} axb3 {[%clk 0:06:40]} 21. axb3 {[%clk 0:18:59]} Rxa1
{[%clk 0:03:47]} 22. Rxa1 {[%clk 0:19:28]} Ra8 {[%clk 0:04:08]} 23. Rxa8+
{[%clk 0:18:51]} Bxa8 {[%clk 0:04:37]} 24. Qe2 {[%clk 0:18:14]} Bb7
{[%clk 0:02:38]} 25. Nc5 {[%clk 0:18:34]} Bxc5 {[%clk 0:02:32]} 26. dxc5
{[%clk 0:19:04]} Qa5 {[%clk 0:02:42]} 27. f5 {[%clk 0:18:41]} Ba6
{[%clk 0:02:23]} 28. Qg4 {[%clk 0:10:37]} Qa1 {[%clk 0:02:39]} 0-1

[Event "Glorney Gilbert International 2017 - Glorney"]
[Site "Daventry, England"]
[Date "2017.07.25"]
[Round "4.9"]
[White "Afraoui, Anaelle"]
[Black "Peoples, Jonathon"]
[Result "1-0"]
[BlackElo "1791"]
[WhiteElo "2017"]
[LiveChessVersion "1.4.6"]

1. e4 {[%clk 1:30:51]} c5 {[%clk 1:30:49]} 2. Nf3 {[%clk 1:31:17]} d6
{[%clk 1:31:16]} 3. d4 {[%clk 1:31:41]} cxd4 {[%clk 1:31:43]} 4. Nxd4
{[%clk 1:32:05]} Nf6 {[%clk 1:32:09]} 5. Nc3 {[%clk 1:32:27]} Nc6
{[%clk 1:32:36]} 6. f3 {[%clk 1:32:26]} e6 {[%clk 1:32:05]} 7. Nxc6
{[%clk 1:30:40]} bxc6 {[%clk 1:32:22]} 8. Be3 {[%clk 1:30:44]} Rb8
{[%clk 1:28:04]} 9. Na4 {[%clk 1:26:31]} Qc7 {[%clk 1:26:35]} 10. Be2
{[%clk 1:21:50]} Be7 {[%clk 1:23:33]} 11. O-O {[%clk 1:22:10]} O-O
{[%clk 1:20:46]} 12. c4 {[%clk 1:21:37]} Bd7 {[%clk 1:14:01]} 13. Qd2
{[%clk 1:20:46]} d5 {[%clk 1:07:22]} 14. e5 {[%clk 1:19:27]} Bb4 {[%clk 1:01:17]}
15. Nc3 {[%clk 1:17:48]} Ne8 {[%clk 0:51:44]} 16. a3 {[%clk 1:17:25]} Be7
{[%clk 0:50:46]} 17. Kh1 {[%clk 1:14:17]} Qxe5 {[%clk 0:45:11]} 18. Bf4
{[%clk 1:12:01]} Rxb2 {[%clk 0:45:29]} 19. Qxb2 {[%clk 1:11:33]} Qxf4
{[%clk 0:45:54]} 20. Qb7 {[%clk 1:10:02]} Nf6 {[%clk 0:42:12]} 21. Qxa7
{[%clk 1:08:39]} Bd6 {[%clk 0:34:22]} 22. Qg1 {[%clk 1:05:38]} Be5
{[%clk 0:32:30]} 23. Rac1 {[%clk 1:04:51]} Bd4 {[%clk 0:32:33]} 24. g3
{[%clk 1:02:31]} Qd2 {[%clk 0:32:43]} 25. Rfd1 {[%clk 0:58:35]} Qxc1
{[%clk 0:32:10]} 26. Rxc1 {[%clk 0:58:10]} Bxg1 {[%clk 0:32:34]} 27. Kxg1
{[%clk 0:58:35]} Ra8 {[%clk 0:32:13]} 28. Ra1 {[%clk 0:58:01]} d4
{[%clk 0:30:51]} 29. Ne4 {[%clk 0:57:14]} Nxe4 {[%clk 0:30:59]} 30. fxe4
{[%clk 0:57:38]} c5 {[%clk 0:31:24]} 31. Rb1 {[%clk 0:55:53]} Kf8
{[%clk 0:30:38]} 32. Rb3 {[%clk 0:55:31]} Ba4 {[%clk 0:29:23]} 33. Rb2
{[%clk 0:53:58]} Bc6 {[%clk 0:29:36]} 34. e5 {[%clk 0:49:12]} Rxa3
{[%clk 0:26:36]} 35. Rb8+ {[%clk 0:49:36]} Ke7 {[%clk 0:27:00]} 36. Rc8
{[%clk 0:50:00]} Be4 {[%clk 0:22:25]} 37. Rxc5 {[%clk 0:48:53]} d3
{[%clk 0:22:40]} 38. Bg4 {[%clk 0:48:35]} d2 {[%clk 0:22:31]} 39. Kf2
{[%clk 0:48:07]} Bf3 {[%clk 0:15:06]} 40. Bxf3 {[%clk 0:47:26]} Rxf3+
{[%clk 0:15:32]} 41. Ke2 {[%clk 0:47:51]} Rf2+ {[%clk 0:15:55]} 42. Kd1
{[%clk 0:48:18]} Rxh2 {[%clk 0:16:16]} 43. Rc7+ {[%clk 0:48:35]} Ke8
{[%clk 0:16:26]} 44. Ra7 {[%clk 0:47:57]} g6 {[%clk 0:16:12]} 45. Ra8+
{[%clk 0:48:00]} Kd7 {[%clk 0:16:16]} 46. Ra7+ {[%clk 0:47:09]} Kc6
{[%clk 0:15:47]} 47. Rxf7 {[%clk 0:47:02]} Kc5 {[%clk 0:16:04]} 48. Re7
{[%clk 0:46:26]} Kxc4 {[%clk 0:16:02]} 49. Rxe6 {[%clk 0:46:48]} Kd3
{[%clk 0:16:15]} 50. Rd6+ {[%clk 0:47:10]} Ke3 {[%clk 0:16:39]} 51. e6
{[%clk 0:47:13]} Rh1+ {[%clk 0:17:03]} 52. Kc2 {[%clk 0:47:33]} Rc1+
{[%clk 0:17:25]} 53. Kb2 {[%clk 0:48:00]} d1=Q {[%clk 0:17:38]} 54. Rxd1
{[%clk 0:48:22]} Rxd1 {[%clk 0:18:00]} 55. e7 {[%clk 0:48:50]} Rd2+
{[%clk 0:15:37]} 56. Kc1 {[%clk 0:48:16]} Rg2 {[%clk 0:16:00]} 57. e8=Q+
{[%clk 0:48:40]} Kf3 {[%clk 0:16:23]} 58. Qf7+ {[%clk 0:48:06]} Kxg3
{[%clk 0:16:44]} 59. Qxh7 {[%clk 0:48:29]} Kf2 {[%clk 0:16:59]} 60. Qf7+
{[%clk 0:48:24]} Kg1 {[%clk 0:17:19]} 61. Kd1 {[%clk 0:48:27]} g5
{[%clk 0:16:54]} 62. Ke1 {[%clk 0:48:44]} g4 {[%clk 0:17:10]} 63. Qa7+
{[%clk 0:48:43]} Kh1 {[%clk 0:17:06]} 64. Qb7 {[%clk 0:47:31]} Kg1
{[%clk 0:16:42]} 65. Qb6+ {[%clk 0:47:42]} Kh2 {[%clk 0:17:05]} 66. Kf1
{[%clk 0:46:23]} Kh3 {[%clk 0:13:03]} 67. Qc6 {[%clk 0:42:31]} Rh2
{[%clk 0:12:40]} 68. Qd5 {[%clk 0:42:44]} Kg3 {[%clk 0:11:15]} 69. Kg1
{[%clk 0:40:56]} Rf2 {[%clk 0:09:39]} 70. Qe5+ {[%clk 0:38:57]} Rf4
{[%clk 0:09:37]} 71. Qe2 {[%clk 0:38:23]} Kh4 {[%clk 0:08:44]} 72. Kg2
{[%clk 0:37:32]} Kg5 {[%clk 0:08:45]} 73. Qe7+ {[%clk 0:37:18]} Kf5
{[%clk 0:08:46]} 74. Qc5+ {[%clk 0:37:31]} Kg6 {[%clk 0:08:20]} 75. Kg3
{[%clk 0:37:55]} Rf5 {[%clk 0:08:34]} 76. Qe7 {[%clk 0:36:14]} Rf7
{[%clk 0:06:59]} 77. Qe4+ {[%clk 0:36:21]} Rf5 {[%clk 0:06:59]} 78. Kxg4
{[%clk 0:36:38]} 1-0